<?xml version="1.0" encoding="UTF-8"?>
<collection xmlns="http://www.loc.gov/MARC21/slim">
 <record>
  <leader>01744nam a22002535a 4500</leader>
  <controlfield tag="001">CEM.cems020287</controlfield>
  <controlfield tag="008">230802s2001####xx############000#0#und#d</controlfield>
  <controlfield tag="005">20230802182058.0</controlfield>
  <datafield tag="245" ind1="1" ind2="0">
   <subfield code="a">Cuentos de príncipes y princesas /</subfield>
   <subfield code="c">Selección y adaptación de Amelia Allende; ilustrado por Andrés Bustamante.</subfield>
  </datafield>
  <datafield tag="250" ind1=" " ind2=" ">
   <subfield code="a">1a ed.</subfield>
  </datafield>
  <datafield tag="260" ind1=" " ind2=" ">
   <subfield code="a">Santiago de Chile :</subfield>
   <subfield code="b">Editorial Andrés Bello,</subfield>
   <subfield code="c">2001.</subfield>
  </datafield>
  <datafield tag="300" ind1=" " ind2=" ">
   <subfield code="a">78 p.</subfield>
  </datafield>
  <datafield tag="520" ind1=" " ind2=" ">
   <subfield code="a">El príncipe Lucas, obsesionado por una fugaz visión, recorre el mundo en busca de una hermosa niña. Tres príncipes hermanos viajan a las más lejanas tierras tratando de cumplir las pruebas impuestas por el rey, para elegir a su heredero. Beatriz, la princesa voluntariosa, se ha perdido y su novio Nicanor, el príncipe orgulloso, la busca angustiado. Se encontrarán en un jardín embrujado, donde el orgullo y la testarudez les jugarán una muy mala pasada. Agustín juega y sueña en la playa. Junto a él aparece Fogoso, un caballo blanco enviado por la princesa del mar, para conducirla a su deslumbrante reino. Allí recibirá la corona mágica...Cuatro maravillosas historias en las que la magia se confunde con la realidad.</subfield>
  </datafield>
  <datafield tag="505" ind1="0" ind2=" ">
   <subfield code="a">El Príncipe Lucas y el misterio de las burbujas -- La novia del príncipe errante -- El príncipe orgulloso y la princesa voluntariosa -- La princesa del mar</subfield>
  </datafield>
  <datafield tag="500" ind1=" " ind2=" ">
   <subfield code="a">Textos adaptados. Incluye sugerencias de lectura. A partir de 6 años.</subfield>
  </datafield>
  <datafield tag="020" ind1=" " ind2=" ">
   <subfield code="a">9561316919</subfield>
  </datafield>
  <datafield tag="100" ind1="1" ind2=" ">
   <subfield code="a">Anónimo.</subfield>
  </datafield>
  <datafield tag="700" ind1="1" ind2=" ">
   <subfield code="a">Bustamante, Andrés; il.</subfield>
  </datafield>
  <datafield tag="700" ind1="1" ind2=" ">
   <subfield code="a">Allende, Amelia; adap.</subfield>
  </datafield>
  <datafield tag="653" ind1=" " ind2=" ">
   <subfield code="a">Cuentos</subfield>
  </datafield>
  <datafield tag="653" ind1=" " ind2=" ">
   <subfield code="a">Cuentos infantiles</subfield>
  </datafield>
  <datafield tag="653" ind1=" " ind2=" ">
   <subfield code="a">Cuentos tradicionales</subfield>
  </datafield>
  <datafield tag="653" ind1=" " ind2=" ">
   <subfield code="a">Literatura infantil</subfield>
  </datafield>
  <datafield tag="859" ind1=" " ind2=" ">
   <subfield code="a">CEMS</subfield>
   <subfield code="b">BIB. CEMS - Inicial y Primaria</subfield>
   <subfield code="h">808.8</subfield>
   <subfield code="i">Al547</subfield>
   <subfield code="k">IP</subfield>
   <subfield code="p">2876</subfield>
   <subfield code="t">Ej.1</subfield>
  </datafield>
 </record>
</collection>
